Central Library OPAC University of Rajshahi

বাঙালির কন্ঠ : (Record no. 76246)

MARC details
000 -LEADER
fixed length control field 00972nam a22002417a 4500
001 - CONTROL NUMBER
control field 76246
003 - CONTROL NUMBER IDENTIFIER
rucl marc code BD-RjUL
005 - DATE AND TIME OF LATEST TRANSACTION
control field 20211209082820.0
008 - FIXED-LENGTH DATA ELEMENTS--GENERAL INFORMATION
fixed length control field 191117s2017 bg ||||| |||| 00| 0 ben d
020 ## - INTERNATIONAL STANDARD BOOK NUMBER
International Standard Book Number 9789840419401
035 ## - SYSTEM CONTROL NUMBER
System control number (BD-RjUL)76467
040 ## - CATALOGING SOURCE
Original cataloging agency BD-RjUL
Language of cataloging eng
Transcribing agency BD-RjUL
041 ## - LANGUAGE CODE
Language code of text/sound track or separate title eng
082 ## - DEWEY DECIMAL CLASSIFICATION NUMBER
Edition number 23
Classification number 954.9205
Author mark and year BAN 2017
245 ## - TITLE STATEMENT
Title বাঙালির কন্ঠ :
Remainder of title ভাষণ, বক্তৃতা ও উপদেশ সংকলন /
Statement of responsibility, etc. সম্পাদক ; মোনায়েম সরকার
250 ## - EDITION STATEMENT
Edition statement পরিমার্জিত সংস্করন /২০১৭
260 ## - PUBLICATION, DISTRIBUTION, ETC. (IMPRINT)
Place of publication, distribution, etc. ঢাকা :
Name of publisher, distributor, etc. আগামী প্রকাশনী,
Date of publication, distribution, etc. ২০১৭
300 ## - PHYSICAL DESCRIPTION
Pagination ৪১৯ পৃ. ;
Size ২২ সেমি.
600 ## - SUBJECT ADDED ENTRY--PERSONAL NAME
Personal name Mujibur Rahman,
Titles and other words associated with a name Sheikh,
Dates associated with a name 1920-1975
650 ## - SUBJECT ADDED ENTRY--TOPICAL TERM
Topical term or geographic name as entry element Ex-presidents
Geographic subdivision Bangladesh
Form subdivision Biography
9 (RLIN) 234972
700 ## - ADDED ENTRY--PERSONAL NAME
Personal name সরকার, মোনায়েম
942 ## - ADDED ENTRY ELEMENTS (KOHA)
Source of classification or shelving scheme Dewey Decimal Classification
Koha item type Books
Holdings
Lost status Source of classification or shelving scheme Damaged status Not for loan Permanent Location Current Location Shelving location Date acquired Source of acquisition Cost, normal purchase price Total Checkouts Full call number Date last seen Copy number Koha item type
  Dewey Decimal Classification   Not For Loan Central Library, University of Rajshahi Central Library, University of Rajshahi Reading Room 13/11/2019 Vidyasagar, Rajshahi 800.00   B 954.9205 BAN 2017 17/11/2019 C-1 Books